Представление документа в формате MARC21

Поле Инд. ПП Название Значение
Тип записи a
Библиографический уровень m
001 Контрольный номер c816990f-7ac3-4040-a03a-edaa429f7c73
005 Дата корректировки 20140703144707.3
008 Кодируемые данные 060331
020 c Цена, тираж б/ц
040 a Служба первич. каталог. НБ ТвГУ
041 a Код языка текста rus
080 a Индекс УДК 1(470)(092)(043.3)
a Индекс УДК 929Михайловский
a Индекс УДК 32.001(470)(092)(043.3)
084 a Индекс другой классификации/Индекс ББК Ю3(2)51я031
a Индекс другой классификации/Индекс ББК Ф1(2)51я031
090 x Авторский знак Н64
a Полочн. индекс Ю3(2)51
100 1_ a Автор Никонов Алексей Валерьевич
245 10 a Заглавие Проблема взаимосвязи истории и политики в философии Н. К. Михайловского
b Продолж. заглавия дис. ... канд. филос. наук : 09.00.03
c Ответственность Твер. гос. ун-т
260 1_ a Место издания Тверь
c Дата издания 2006
300 a Объем 182 с.
500 a Примечание На правах рукоп.
502 a Примечание о диссертации Дис. (канд.) - Твер. гос. ун-т, 2006
504 a Библиография Библиогр.: с. 173-182 и в подстроч. примеч.
583 a Действие Получение впервые 104 03.04.2006
650 a Основная рубрика Михайловский, Николай Константинович, о нем
650 a Основная рубрика Философия
x Основная подрубрика История
y Хронологическая подрубрика 19 в.
z Географическая подрубрика Россия
650 a Основная рубрика Русская философия
650 a Основная рубрика Политические учения
653 a Ключевые слова Диссертации
a Ключевые слова Индивидуализм
a Ключевые слова История социологии
a Ключевые слова История философии
a Ключевые слова Михайловский
a Ключевые слова Политические учения
a Ключевые слова Русская философия
a Ключевые слова Социология
a Ключевые слова Субъективизм
a Ключевые слова Философия
a Ключевые слова Труды Тверского государственного университета
710 a Организация/ юрисдикция Тверской государственный университет
852 t Порядковый номер экземпляра 1
p Инвентарный номер б/н
888 a Бесплатные
930 a Новая/Ретро диссертации
a Новая/Ретро персоналии
952 p 104.2006 б/ц 1 б/н
c Вид литературы Дис н
954 a Дата поступления на обработку 20060425
999 a Подразделение 2 ч.з.